| 000 | 00333 a2200133 4500 | ||
|---|---|---|---|
| 005 | 20250625140251.0 | ||
| 020 | _a0-471-62815-8 | ||
| 082 | _aLM 510 NAC | ||
| 100 | _aNACHMAN, L. J. | ||
| 245 | _aFundamental Mathematics. | ||
| 260 |
_aNew York, _bJohn Wiley & Sons, _c1978. |
||
| 300 |
_ax, 657p.: ill. _bIndex _c27cm |
||
| 942 |
_2ddc _cBKS |
||
| 999 |
_c1571 _d1571 |
||